| 000 | 00373nam a2200157Ia 4500 | ||
|---|---|---|---|
| 008 | 230917s9999||||xx |||||||||||||| ||und|| | ||
| 040 |
_e80784 _aMAIN |
||
| 041 | _aEnglish | ||
| 082 | _a346.03 S64L | ||
| 100 | _aSinha, Balbir Sahai | ||
| 245 | 0 | _aLaw of torts | |
| 250 | _a4th ed. | ||
| 260 |
_aLucknow _bEastern Book _c1976 |
||
| 300 | _axlviii, 479 p. | ||
| 942 | _cBK | ||
| 999 |
_c183703 _d183703 |
||